Normal view
MARC view
- Jonas Chopra Priyanka
Entry Personal Name
001 - CONTROL NUMBER
- control field: 7771
003 - CONTROL NUMBER IDENTIFIER
- control field: OSt
005 - DATE AND TIME OF LATEST TRANSACTION
- control field: 20240425122506.0
008 - FIXED-LENGTH DATA ELEMENTS
- fixed length control field: 240425|| aca||aabn | a|a d
040 ## - CATALOGING SOURCE
- Original cataloging agency: OSt
- Transcribing agency: OSt
100 ## - HEADING--PERSONAL NAME
- Personal name: Jonas Chopra Priyanka
670 ## - SOURCE DATA FOUND
- Source citation: Work cat.: (OSt)12576: Jonas Chopra Priyanka, Unfinished (A memoir), 2021